01234cam a2200301 a 450000100060000000300080000600500170001400800410003103500190007204000230009104100080011408200340012210000270015624501660018326000870034930000320043649000460046850000170051450400250053165000370055665000350059365000460062865000450067465000300071994200130074999900170076295201530077927408BD-RjUL20211209051142.0810731s1980 dcua b 000 0 eng  a(BD-RjUL)27481 aDLCcDLCdDLCbeng aeng00a382.45677009485219bHAE 19801 aHamilton, Carl.98419610aEffects of non-tariff barriers to trade on prices, employment, and imports :bthe case of the Swedish textile and clothing industry /cprepared by Carl Hamilton. aWashington, D.C. (1818 H St., N.W., Washington, D.C. 20433) :bWorld Bank,cc1980. aii, 61 p. :bill. ;c29 cm. aWorld Bank staff working paper ;vno. 429 aCover title. aBibliography: p. 61. 0aTextile industryzSweden.984197 0aClothing tradezSweden.984198 0aNon-tariff trade barrierszSweden.984199 0aForeign trade regulationzSweden.984200 0aSubsidieszSweden.984201 2ddccDOC c27408d27408 00102ddc40728NFICaRUCLbRUCLcDoc/Thed1987-08-26eWorld Bankg0.00l0oDOC 382.45677009485 HAE 1980r2014-03-25 00:00:00tC-1w2021-12-09yDOC